Arqueología cronológica de Venezuela, (Record no. 51471)
[ view plain ]
| 000 -LEADER | |
|---|---|
| fixed length control field | 00886cam a22002651 4500 |
| 001 - CONTROL NUMBER | |
| control field | pa 61000044 |
| 003 - CONTROL NUMBER IDENTIFIER | |
| control field | DLC |
| 005 - DATE AND TIME OF LATEST TRANSACTION | |
| control field | 20260227111855.0 |
| 008 - FIXED-LENGTH DATA ELEMENTS--GENERAL INFORMATION | |
| fixed length control field | 731130s1961 dcu b 000 0 spa c |
| 010 ## - LIBRARY OF CONGRESS CONTROL NUMBER | |
| LC control number | pa 61000044 |
| 035 ## - SYSTEM CONTROL NUMBER | |
| System control number | (OCoLC)752591 |
| 040 ## - CATALOGING SOURCE | |
| Original cataloging agency | Pan American Union. Library |
| Transcribing agency | MMeT |
| Modifying agency | OCoLC |
| -- | DLC |
| 042 ## - AUTHENTICATION CODE | |
| Authentication code | premarc |
| 050 00 - LIBRARY OF CONGRESS CALL NUMBER | |
| Classification number | F2319 |
| Item number | .C718 |
| 100 1# - MAIN ENTRY--PERSONAL NAME | |
| Personal name | Cruxent, José María. |
| 245 10 - TITLE STATEMENT | |
| Title | Arqueología cronológica de Venezuela, |
| Statement of responsibility, etc. | por J.M. Cruxent e Irving Rouse. |
| 260 ## - PUBLICATION, DISTRIBUTION, ETC. | |
| Place of publication, distribution, etc. | Washington, |
| Name of publisher, distributor, etc. | Unión Panamericana, |
| Date of publication, distribution, etc. | 1961. |
| 300 ## - PHYSICAL DESCRIPTION | |
| Extent | 2 v. |
| Dimensions | 25 cm. |
| 490 1# - SERIES STATEMENT | |
| Series statement | Estudios monográficos, |
| Volume/sequential designation | 6 |
| 500 ## - GENERAL NOTE | |
| General note | Issued also in English. |
| 504 ## - BIBLIOGRAPHY, ETC. NOTE | |
| Bibliography, etc. note | Bibliography: v. 1, p. 309-320. |
| 651 #0 - SUBJECT ADDED ENTRY--GEOGRAPHIC NAME | |
| Geographic name | Venezuela |
| General subdivision | Antiquities. |
| 700 1# - ADDED ENTRY--PERSONAL NAME | |
| Personal name | Rouse, Irving, |
| Dates associated with a name | 1913-2006 |
| Relator term | joint author. |
| 810 2# - SERIES ADDED ENTRY--CORPORATE NAME | |
| Corporate name or jurisdiction name as entry element | Pan American Union. |
| Subordinate unit | Social Science Section. |
| Title of a work | Estudios monográficos ; |
| Volume/sequential designation | 6. |
No items available.